| 000 | 00912cab a2200289 4500 | ||
|---|---|---|---|
| 001 | ABS56574 | ||
| 008 | 090401t1997 xxu||||| |||| 00| 0 eng d | ||
| 035 | _a(Sirsi) u24623 | ||
| 041 | _aeng | ||
| 100 | _aHirst, C. | ||
| 245 | 2 | _aA united front for the city centre`s renewal | |
| 260 | _c1997 | ||
| 350 | _a0 | ||
| 490 |
_aPlanning (for the Natural and Built Environment) _v21 February 1997, 16-21(4) |
||
| 520 | _aReports on plans to renew Manchester`s city centre, following the IRA bomb attack in June 1996 and examines proposals for new sport and leisure facilities in the city. | ||
| 650 | _aBOMB DAMAGE | ||
| 650 | _aLEISURE DEVELOPMENT | ||
| 650 | _aMANCHESTER | ||
| 650 | _aREDEVELOPMENT | ||
| 650 | _aSPORTS FACILITIES | ||
| 690 | _aPROPERTY-PROPERTY DEVELOPMENT | ||
| 690 | _aURBAN RENEWAL | ||
| 700 | _aBaber, P. | ||
| 700 | _aDudley, R. | ||
| 942 | _n0 | ||
| 948 | _c04/03/1997 | ||
| 999 |
_c16518 _d16518 |
||